000 00643nam a2200217 4500
003 OSt
005 20240717013122.0
006 a
008 240717b |||||||| |||| 00| 0 eng d
020 _a0321279352
040 _aDWCL-Main lib.
_cOC
082 _2First edition
_aCirc. 570.1515 B624c 2006
100 _aBittinger, Marvin L.
245 _aCalculus for the life sciences. /
250 _aFirst edition
260 _aBoston:
_bPearson Education, Inc.,
_cc2006.
300 _axxiv,
_b(various paging) : ill. ;
_c26 cm.
504 _aIncludes index.
650 _a1. Biomathematics.
942 _2ddc
_n0
_cBK-CIRC
_eFirst edition
_kCirc.
999 _c2285
_d2285